00858nam a22002417a 4500008004100000010001400041020002600055020002300081035001300104037001500117040001800132082001800150100002000168245011800188260004100306270004200347300003300389500005100422600003500473650004600508650004400554700001800598081212t xxu||||| |||| 00| 0beng d aENG-98097 c595.00a9788183242448 c595.00a8183242448 aEN-81630 bDBAD / PUB adplbEnglish  a305.800954133 aMahapatra, L.K. aThe challenges of self-managed development:cby L.K. Mahapatra [and] R.P. Mohantybthe "fierce" hill bonda case / aNew DelhibMittal Publicationsc2009 a4594/9, Daryaganj,bNew Delhie110002 axxiv, 183p.c23cm (Hb) bill aIncludes bibliographicals references and index aBaba Visakha SinghxBiography. aBindo (India people) economic conditional aBondo (India people) social conditional aMohanty, R.P.